| 000 | 00647nam a2200253Ia 4500 | ||
|---|---|---|---|
| 008 | 160803s9999 xx 000 0 und d | ||
| 020 | _a0 516246267 | ||
| 100 | _aFehlner, Paul | ||
| 245 | _aDog and cat / | ||
| 245 | _cwritten by Paul Fehlner ; illustrated by Maxie Chambliss. | ||
| 260 | _aNew York : | ||
| 260 | _bScholastic Inc. | ||
| 260 | _c2003 | ||
| 300 | _a29 pages : | ||
| 300 | _bcolor illustrations ; | ||
| 300 | _c21 cm. | ||
| 440 | _aMy first reader. | ||
| 650 | _aCats -- | ||
| 650 | _aDogs -- | ||
| 650 | _aStories in rhyme. | ||
| 650 | _xJuvenile fiction. | ||
| 650 | _xJuvenile fiction. | ||
| 700 | _a130 | ||
| 999 |
_c299713 _d299713 |
||